[Event "Vitrolles Majeur op 0405"]
[Site "Vitrolles"]
[Date "2005.04.09"]
[Round "9"]
[White "Corrias, Robert"]
[Black "Vargin, Benjamin"]
[Result "0-1"]
[WhiteElo "1700"]
[BlackElo "1960"]
[PlyCount "50"]
[EventDate "2004.10.16"]
[EventType "swiss"]
[EventRounds "9"]
[EventCountry "FRA"]
[SourceTitle "EXT 2008"]
[Source "ChessBase"]
[SourceDate "2007.11.25"]
[SourceVersion "1"]
[SourceVersionDate "2007.11.25"]
[SourceQuality "1"]

1. c4 Nf6 2. Nc3 e6 3. Nf3 b6 4. g3 Bb7 5. Bg2 Be7 6. 0-0 d6 7. d3 Nbd7 8. Qc2 c5 9. b3 0-0 10. Bb2 d5 11. Nd2 Rb8 12. f4 d4 13. Nce4 Ng4 14. Rfe1 Ne3 15. Qc1 f5 16. Bh3 fxe4 17. Bxe6+ Kh8 18. dxe4 Nf6 19. Bd5 Qd7 20. f5 Qc7 21. Qb1 Nfg4 22. Nf1 Bh4 23. Nxe3 Nxe3 24. gxh4 Qf4 25. Kh1 Ng4 0-1

[Event "Vitrolles Majeur op 0405"]
[Site "Vitrolles"]
[Date "2005.03.19"]
[Round "8"]
[White "Girard, Jean Pierre"]
[Black "Vargin, Benjamin"]
[Result "1-0"]
[WhiteElo "1955"]
[BlackElo "1950"]
[PlyCount "27"]
[EventDate "2004.10.16"]
[EventType "swiss"]
[EventRounds "9"]
[EventCountry "FRA"]
[SourceTitle "EXT 2008"]
[Source "ChessBase"]
[SourceDate "2007.11.25"]
[SourceVersion "1"]
[SourceVersionDate "2007.11.25"]
[SourceQuality "1"]

1. e4 e5 2. Nf3 Nc6 3. Bb5 d6 4. 0-0 Bd7 5. c3 Nf6 6. Re1 Ne7 7. Bxd7+ Qxd7 8. d4 Ng6 9. a4 0-0-0 10. Na3 exd4 11. Qxd4 a6 12. Nc4 d5 13. Qa7 Qc6 14. Nce5 1-0

[Event "Vitrolles Majeur op 0405"]
[Site "Vitrolles"]
[Date "2004.10.16"]
[Round "1"]
[White "Vargin, Benjamin"]
[Black "Israel, Daniel"]
[Result "1-0"]
[WhiteElo "1960"]
[BlackElo "1730"]
[PlyCount "55"]
[EventDate "2004.10.16"]
[EventType "swiss"]
[EventRounds "9"]
[EventCountry "FRA"]
[SourceTitle "EXT 2008"]
[Source "ChessBase"]
[SourceDate "2007.11.25"]
[SourceVersion "1"]
[SourceVersionDate "2007.11.25"]
[SourceQuality "1"]

1. e4 c5 2. c3 d6 3. d4 cxd4 4. cxd4 Nf6 5. Nc3 a6 6. Qb3 e5 7. Bc4 Qc7 8. Nf3 Nc6 9. Nd5 Nxd5 10. Bxd5 Nxd4 11. Nxd4 exd4 12. Bf4 Rb8 13. Rc1 Qe7 14. Qb6 Be6 15. Rc7 Qf6 16. Bc6+ bxc6 17. Qxb8+ Qd8 18. Qb7 Be7 19. 0-0 c5 20. Bd2 f6 21. f4 Kf7 22. e5 dxe5 23. fxe5 Bd5 24. Qa7 c4 25. Bb4 Re8 26. Rd7 Qa8 27. Rxe7+ Kg6 28. Rxg7+ 1-0

[Event "Bouches du Rhone-ch 0203"]
[Site "Provence"]
[Date "2002.10.05"]
[Round "1"]
[White "Leger, Pascal"]
[Black "Vargin, Benjamin"]
[Result "0-1"]
[WhiteElo "2075"]
[BlackElo "1740"]
[PlyCount "86"]
[EventDate "2002.10.??"]
[EventType "swiss"]
[EventRounds "9"]
[EventCountry "FRA"]
[SourceTitle "EXT 2005"]
[Source "ChessBase"]
[SourceDate "2004.11.15"]
[SourceVersion "1"]
[SourceVersionDate "2004.11.15"]
[SourceQuality "1"]

1. e4 e5 2. Nf3 Nc6 3. d4 exd4 4. Nxd4 Qf6 5. Be3 Bc5 6. c3 Nge7 7. Be2 d5 8. 0-0 dxe4 9. Bb5 0-0 10. Nxc6 bxc6 11. Bxc5 cxb5 12. Qe2 Bb7 13. Qxb5 Ba6 14. Qd7 Bxf1 15. Bxe7 Rfd8 16. Bxd8 Rxd8 17. Qxc7 Bxg2 18. Na3 Bf3 19. Nc4 h6 20. Re1 Rd5 21. Ne3 Rg5+ 22. Kf1 Qe6 23. Rc1 Qg6 24. Ke1 Rg1+ 25. Kd2 Rxc1 26. Kxc1 Qg1+ 27. Kc2 Qxf2+ 28. Kb3 Bh5 29. Qc8+ Kh7 30. Qf5+ Qxf5 31. Nxf5 g6 32. Nd6 Bd1+ 33. Kc4 f5 34. Kd4 Kg7 35. b3 Kf6 36. c4 Ke6 37. Nb5 Bc2 38. Nxa7 f4 39. Kc3 Bb1 40. a4 f3 41. Kd2 f2 42. Ke2 e3 43. Nc6 Bd3+ 0-1

[Event "Provence-ch prom Vitrolles 0001"]
[Site "France"]
[Date "2001.??.??"]
[Round "9"]
[White "Briquet, Xavier"]
[Black "Vargin, Benjamin"]
[Result "1/2-1/2"]
[WhiteElo "1510"]
[BlackElo "1640"]
[PlyCount "26"]
[EventDate "2000.??.??"]
[EventType "tourn"]
[EventRounds "9"]
[EventCountry "FRA"]
[SourceTitle "EXT 2005"]
[Source "ChessBase"]
[SourceDate "2004.11.15"]
[SourceVersion "1"]
[SourceVersionDate "2004.11.15"]
[SourceQuality "1"]

1. e4 e5 2. Nf3 Nc6 3. Bc4 Nf6 4. Ng5 Bc5 5. Nxf7 Bxf2+ 6. Kxf2 Nxe4+ 7. Kg1 Qh4 8. g3 Nxg3 9. Nxh8 Nxh1 10. Qf1 Qg4+ 11. Kxh1 Qe4+ 12. Kg1 Qg4+ 13. Kf2 Qh4+ 1/2-1/2